| 000 | 00533nam a2200181 i 4500 | ||
|---|---|---|---|
| 001 | 94722 | ||
| 003 | ES-MaACL | ||
| 005 | 20230906181535.0 | ||
| 007 | t| | ||
| 008 | 050512s1938 cu ||||1| spa d | ||
| 100 | 1 |
_aLoynaz, Dulce María. _974401 |
|
| 245 | 1 | 0 |
_aVersos _b: 1920-1938 / _cpor Dulce María Loynaz. |
| 250 | _a[1ª ed.] (1). | ||
| 260 |
_aLa Habana : _b[s.n.], _c1938 ( _fImp. Ucar, García et Cía) |
||
| 300 |
_a144 p., 4 h. ; _c19 cm. |
||
| 500 | _a(1).- En la dedicatoria. | ||
| 852 |
_aES-MaACL _jC-4814 _bR.25160 |
||
| 999 |
_c94722 _d94722 |
||